Angelina Jolie Movies Quiz Stats

 Plays Quiz Updated Jan 18, 2019

Score 0/37 Timer 07:00
2 Plays Today
Year Movie % Correct
2001Lara Croft: Tomb Raider
94.2%
2005Mr. & Mrs. Smith
88.8%
2016Kung Fu Panda 3
72.1%
2003Lara Croft Tomb Raider: The Cradle of Life
70.1%
2008Wanted
62.3%
2008Kung Fu Panda
56.1%
2014Maleficent
54.8%
1999Girl, Interrupted
53.2%
2008Changeling
50.1%
2007Beowulf
48.6%
2000Gone in Sixty Seconds
40.7%
2015By the Sea
31.5%
2004Alexander
30.8%
2004Shark Tale
30.7%
2010Salt
30.3%
1995Hackers
29.8%
1999The Bone Collector
20.4%
2011Kung Fu Panda 2
19.9%
2007A Mighty Heart
19.8%
Year Movie % Correct
2004Taking Lives
16.1%
2001Original Sin
15.1%
2010The Tourist
15.1%
2006The Good Shepherd
14.5%
1999Pushing Tin
13.1%
2004Sky Captain and the World of Tomorrow
12.7%
2002Life or Something Like It
12.1%
2003Beyond Borders
10.3%
1996Foxfire
9.6%
1993Cyborg 2
6.8%
1998Playing by Heart
6.4%
1997Playing God
5.1%
1998Hell's Kitchen
4.9%
1996Mojave Moon
4.7%
2004The Fever
4.3%
1982Lookin' to Get Out
4.2%
1996Love Is All There Is
3.9%
1995Without Evidence
3.8%

You're not logged in!

Compare scores with friends on all Sporcle quizzes.
OR
Log In

Sporcle TV

Today on Sporcle TV


Watch our educational content, quiz creation guides, and fun videos on Sporcle TV.

Show Comments

Extras

Top Quizzes Today


Score Distribution

Your Account Isn't Verified!

In order to create a playlist on Sporcle, you need to verify the email address you used during registration. Go to your Sporcle Settings to finish the process.

Report this User

Report this user for behavior that violates our Community Guidelines.

Details: